Väkirikkaimmat maat vuonna 2050 - Statistics

Yleistilastot
  • Tätä visaa on pelattu 111 kertaa
  • Keskiarvotulos 16 / 21
Vastaustilastot
Väkiluku Maa % Oikein
1,364 mil Kiina
100%
390 mil Yhdysvallat
100%
1,659 mil Intia
98%
133 mil Venäjä
96%
233 mil Brasilia
92%
109 mil Japani
92%
322 mil Indonesia
86%
164 mil Meksiko
83%
411 mil Nigeria
78%
307 mil Pakistan
74%
153 mil Egypti
73%
92 mil Iran
70%
191 mil Etiopia
67%
96 mil Turkki
67%
151 mil Filippiinit
66%
197 mil Kongon demokraattinen tasavalta
65%
202 mil Bangladesh
63%
115 mil Vietnam
63%
95 mil Kenia
46%
138 mil Tansania
43%
106 mil Uganda
28%
Ehtoja vastaavia visoja ei löytynyt
Tulosjakauma
Jokaisen tuloksen saaneiden osuus
Persentiili vastausten määrän mukaan
Tuloshistoriasi
Et ole pelannut tätä visaa